000 00598nam a2200181Ia 4500
008 090124s9999 xx 000 0 und d
082 _b9625
_a2346
100 _aभावे पु. भा. (पुरुषोत्तम भास्कर)
245 _a नौका
250 _a1
260 _c1957
300 _a159
600 _aभावे पु. भा. (पुरुषोत्तम भास्कर)
630 _a नौका
700 _aभावे पु. भा. (पुरुषोत्तम भास्कर)
730 _a नौका
942 _cBOOK
999 _c123679
_d123679